| 000 | 01212nam a2200325 i 4500 | ||
|---|---|---|---|
| 001 | 000046147 | ||
| 003 | DO-SdBNP | ||
| 005 | 20250827095627.0 | ||
| 006 | a||||gr|||| 00| 0 | ||
| 007 | ta | ||
| 008 | 150629e2010 dr a 000 pbspa d | ||
| 020 | _a9789945872927 | ||
| 040 |
_aDO-SdBNP _bspa _cBNPHU _erda |
||
| 082 | 4 |
_aRD 861.44 M827f _bG261a _222 |
|
| 245 | 0 | 0 |
_aFreddy Gatón Arce : _bAntología / _cSelección, Manuel Mora Serrano y Cayo Claudio Espinal. |
| 264 |
_aSanto Domingo : _bDirección General de la Feria del libro, _c2010. |
||
| 300 |
_a91 páginas ; _bIlustraciones ; _c26 cm. |
||
| 336 |
_atexto _btxt _2rdacontent |
||
| 337 |
_asin mediación _bn _2rdamedia |
||
| 338 |
_avolumen _bnc _2rdacarrier |
||
| 500 | _aEsa edición especial antología selección, Manuel Mora Serrano y Cayo Claudio Espinal | ||
| 504 | _aIncluye bibliografía y notas al pie de páginas. | ||
| 590 | _aInventariado 2023 / MF | ||
| 650 | 4 |
_aPoesía dominicana _966 _x Antología |
|
| 650 | 4 |
_aLiteratura dominicana. _967 |
|
| 700 | 1 |
_aMora Serrano, Manuel, _c1933- _eprólogo _95162 |
|
| 700 | 1 |
_aEspinal, Cayo Claudio, _d1955- _917906 _eprólogo |
|
| 910 | _aValidado. Control de calidad/MAA | ||
| 942 |
_2ddc _cLBS1 |
||
| 999 |
_c45636 _d45636 |
||